000 01209nam a2200361 i 4500
001 11254
003 KOSZ 005
005 20200814081410.0
008 080326s1967 pl a f 000 0 pol
015 _aPB 1967/9817
040 _aWA N
_cWA N
_dKOSZ 005/RW
_dKOSZ 005/HR
046 _k1967
080 _a532
080 _a681.12
100 1 _aKuratow, Teodor
_eAutor
245 1 0 _aPomiary przepływów cieczy, par i gazów /
_cTeodor Kuratow.
250 _aWyd. 4 popr. i uzup.
260 _aKatowice :
_b"Śląsk",
_c1967.
300 _a151, [1] s., [1] k. tabl. :
_bil. ;
_c25 cm.
336 _2rdacontent
_aTekst
_btxt
337 _2rdamedia
_aBez urządzenia pośredniczącego
_bn
338 _2rdacarrier
_aWolumin
_bnc
380 _aKsiążki
388 _a1901-2000
504 _aBibliogr. s. [152].
521 8 _aDla personelu inż.-techn. oraz dla studentów i uczniów techników przemysłowych.
650 4 _aPrzepływ
650 4 _aPomiary
658 _aInżynieria i technika
710 2 _aWydawnictwo "Śląsk"
_4pbl.
856 _uhttp://koha.tu.koszalin.pl/cgi-bin/koha/opac-detail.pl?biblionumber=11254
_yKatalog online BPK
942 _2UKD
_cKS
999 _c11254
_d11254